01884nam a22001697a 4500082000800000100003300008245017300041264003800214300002700252500116800279650004401447700004101491856005701532942001301589999001901602952009301621 a621 aLodhi, Abdul Haseeb 9121346 aAnalysis of Airflow Patterns and Microplastic Particles Deposition of Various Shapes in Realistic Human Lungs Model using CFDDiscrete Phase Method /cAbdul Haseeb Lodhi aIslamabad : bSMME- NUST; c2024. a102p.bSoft Copyc30cm aThe presence of microplastics in the human respiratory system raises alarm regarding the adverse effects on human health from the exposure of these particles to airway tracts. Microplastics are byproducts of industrial processes and waste and are chemically hazardous for the human body. Therefore, prediction of deposition patterns of inhaled particles can help in reevaluating risk associated with these particles and indication of parts of human airways that are highly exposed to these risks. In this thesis, a study was conducted on deposition patterns of microplastic particles in human airways and the effect of airflow distribution on the deposition efficiency of these particles inside human lungs. An MRI scanned realistic human lung model was prepared as a CAD geometry on which CFD analysis was performed using DPM. Both spherical and non-spherical particles were injected for analysis. Parametric study was conducted with varying flow-rates, diameters and shape factors, the results of which can help in specifying parts of airways which can be most affected by the deposition and thus can be targeted by drug delivery system for efficient treatment. aMS Mechanical Engineering 9119495 aSupervisor : Dr. Adnan Munir9119527 uhttp://10.250.8.41:8080/xmlui/handle/123456789/42269 2ddccTHE c608253d608253 00104070aSMMEbSMMEcEBd2024-02-26l0o621pSMME-TH-992r2024-02-26w2024-02-26yTHE